[Event "COL-ch U10 Girls"]
[Site "Medellin"]
[Date "2015.05.02"]
[Round "9.4"]
[White "Santander Rada, Angely"]
[Black "Largo Chaparro, Sofia Alejandra"]
[Result "1-0"]
[WhiteElo "1294"]
[BlackElo "1518"]
[PlyCount "61"]
[EventDate "2015.04.28"]
[EventType "swiss"]
[EventRounds "11"]
[EventCountry "COL"]
[SourceTitle "EXT 2024"]
[Source "ChessBase"]
[SourceDate "2023.10.10"]
[SourceVersion "1"]
[SourceVersionDate "2023.10.10"]
[SourceQuality "1"]

1. e4 e5 2. Nc3 Nf6 3. Bc4 Bb4 4. a3 Bxc3 5. dxc3 Nxe4 6. Qf3 Nf6 7. Ne2 d5 8. Ba2 h6 9. Ng3 Nc6 10. Nh5 0-0 11. Qg3 Nxh5 12. Qf3 Nf6 13. 0-0 Qd7 14. Rd1 e4 15. Qg3 Qg4 16. Bf4 Qxg3 17. Bxg3 Bg4 18. Re1 Rac8 19. c4 dxc4 20. Bxc4 a6 21. Re3 Nd4 22. Rd1 Bxd1 23. Be5 Nc6 24. Bxf6 gxf6 25. Rg3+ Kh7 26. f3 e3 27. Kf1 Rce8 28. Bd3+ Kh8 29. Ke1 e2 30. Rh3 Nd4 31. Rxh6+ 1-0

[Event "COL-ch U10 Girls"]
[Site "Medellin"]
[Date "2015.04.30"]
[Round "5.5"]
[White "Mercado Pena, Maria Monica"]
[Black "Santander Rada, Angely"]
[Result "1-0"]
[WhiteElo "1541"]
[BlackElo "1294"]
[PlyCount "71"]
[EventDate "2015.04.28"]
[EventType "swiss"]
[EventRounds "11"]
[EventCountry "COL"]
[SourceTitle "EXT 2024"]
[Source "ChessBase"]
[SourceDate "2023.10.10"]
[SourceVersion "1"]
[SourceVersionDate "2023.10.10"]
[SourceQuality "1"]

1. e4 c5 2. Nc3 d6 3. Nf3 a6 4. Be2 Nf6 5. 0-0 e6 6. d3 Be7 7. Bg5 0-0 8. Qd2 e5 9. a3 Bg4 10. h3 Bxf3 11. Bxf3 Nc6 12. Rad1 Nd4 13. Be2 Nxe2+ 14. Qxe2 Qd7 15. Rfe1 d5 16. Bxf6 d4 17. Bxe7 Qxe7 18. Nd5 Qd6 19. Rb1 Rfe8 20. b4 cxb4 21. Rxb4 Re6 22. Rb6 Qd7 23. Rxe6 Qxe6 24. Nc7 Qc8 25. Nxa8 Qxa8 26. c4 b5 27. Qc2 b4 28. axb4 Qb7 29. c5 h6 30. c6 Qxb4 31. Rb1 Qe7 32. c7 Kh7 33. c8Q a5 34. Q2c7 Qa3 35. Qxf7 Qxd3 36. Qcg8# 1-0

[Event "COL-ch U10 Girls"]
[Site "Medellin"]
[Date "2015.04.29"]
[Round "3.4"]
[White "Lopez Rayo, Isabella"]
[Black "Santander Rada, Angely"]
[Result "1-0"]
[WhiteElo "1552"]
[BlackElo "1294"]
[PlyCount "85"]
[EventDate "2015.04.28"]
[EventType "swiss"]
[EventRounds "11"]
[EventCountry "COL"]
[SourceTitle "EXT 2024"]
[Source "ChessBase"]
[SourceDate "2023.10.10"]
[SourceVersion "1"]
[SourceVersionDate "2023.10.10"]
[SourceQuality "1"]

1. e4 c5 2. Nf3 d6 3. d4 cxd4 4. Nxd4 Nf6 5. Nc3 a6 6. f3 e6 7. Be3 Be7 8. Qd2 0-0 9. 0-0-0 Nbd7 10. g4 e5 11. Nb3 h6 12. h4 Nh7 13. Qh2 b5 14. g5 h5 15. Qg2 Qe8 16. g6 fxg6 17. Rg1 Rf6 18. Nd5 Re6 19. Nc7 Qf7 20. Nxe6 Qxe6 21. Qxg6 Qxg6 22. Rxg6 Ndf8 23. Rg2 a5 24. Bxb5 a4 25. Bc4+ Kh8 26. Bh6 Ne6 27. Bxe6 Bxe6 28. Bxg7+ Kg8 29. Nd2 d5 30. Bf6+ Kf7 31. Bxe7 Kxe7 32. Rg7+ Kd6 33. Rxh7 dxe4 34. Nxe4+ Kc6 35. Rd6+ Kb5 36. Rxe6 Kc4 37. Rc7+ Kd4 38. Kd2 Rd8 39. c3+ Kd5 40. Rd6+ Rxd6 41. Nxd6 Kxd6 42. Rh7 Ke6 43. b4 1-0

[Event "North Region-ch U10 Girls"]
[Site "Maicao"]
[Date "2014.05.03"]
[Round "5.3"]
[White "Saltaren Sandoval, Camila"]
[Black "Santander Rada, Angely"]
[Result "1-0"]
[WhiteElo "1235"]
[BlackElo "1309"]
[PlyCount "23"]
[EventDate "2014.05.01"]
[EventType "swiss"]
[EventRounds "6"]
[EventCountry "COL"]
[SourceTitle "EXT 2024"]
[Source "ChessBase"]
[SourceDate "2023.10.10"]
[SourceVersion "1"]
[SourceVersionDate "2023.10.10"]
[SourceQuality "1"]

1. e4 e5 2. Nf3 Nc6 3. Bc4 d6 4. 0-0 Bg4 5. h3 Na5 6. Be2 f6 7. hxg4 a6 8. d3 Be7 9. Nc3 Nh6 10. a3 Nxg4 11. Bd2 Qd7 12. Bc1 1-0